|
|
|
|
| LEADER |
02090nem a22005052a 4500 |
| 001 |
mzk03001052194 |
| 003 |
CZ BrMZK |
| 005 |
20110121084755.0 |
| 007 |
aj|aa||| |
| 008 |
070709q16511700xx ij|||||a|||r|0|||latod |
| 034 |
1 |
|
|a a
|b 2600000
|d E0162000
|e E0240000
|f N0492700
|g N0433000
|
| 040 |
|
|
|a BOA001
|b cze
|
| 043 |
|
|
|a ed-----
|a e------
|a e-hu---
|a e-rm---
|
| 072 |
|
7 |
|a 912:904
|x Staré mapy
|2 Konspekt
|9 7
|
| 080 |
|
|
|a (084.3)
|2 MRF
|
| 080 |
|
|
|a (282.243.7)
|2 MRF
|
| 080 |
|
|
|a (439)
|2 MRF
|
| 080 |
|
|
|a (495/498)
|2 MRF
|
| 080 |
|
|
|a (498)
|2 MRF
|
| 080 |
|
|
|a 912.43:069.5
|2 MRF
|
| 100 |
1 |
|
|a Pfeffel, Johann Andreas,
|d 1674-1748
|7 ola2004219971
|4 aut
|
| 245 |
1 |
0 |
|a Regni Hungariae cum adiuncta Transylvania aliarumq; terrarum confinijs Tabula
|h [kartografický dokument]
|
| 255 |
|
|
|a Měřítko [ca 1:2 600 000]. 4,5 cm = Milliar. Germ. Com.
|c (016°20´00" v.d.--024°00´00" v.d./049°27´00" s.š.--043°30´00" s.š.)
|
| 260 |
|
|
|a [S.l. :
|b s.n.,
|c mezi 1651 a 1700]
|
| 300 |
|
|
|a 1 mapa :
|b mědirytina, podlepená papírem ;
|c 25,5 x 33,5 cm
|
| 500 |
|
|
|a Mapa připsána podle Kuchaře
|
| 500 |
|
|
|a Podlepeno papírem o velikosti 58 x 65 cm
|
| 500 |
|
|
|a Výzdoba: V pravém horním rohu nápisová páska, v pravém dolním rohu měřítko a alegorický výjev, v mapovém rámci geografické souřadnice
|
| 510 |
3 |
|
|a IKAR
|
| 510 |
4 |
|
|a Kuchař, K. Mapová sbírka B.P. Molla,
|c s. 321
|
| 655 |
|
7 |
|a historické mapy
|7 fd186723
|2 czenas
|
| 650 |
0 |
4 |
|a Mollova mapová sbírka
|
| 650 |
0 |
7 |
|a mapové sbírky
|z Česko
|7 ph182407
|2 czenas
|
| 610 |
2 |
7 |
|a Moravská zemská knihovna (Brno, Česko).
|b Mapová sbírka B.P. Molla
|7 mzk2005304487
|2 czenas
|
| 651 |
|
7 |
|a balkánské země
|7 ge131487
|2 czenas
|
| 651 |
|
7 |
|a Dunaj (řeka : povodí)
|7 ge129102
|2 czenas
|
| 651 |
|
7 |
|a Rumunsko
|7 ge130694
|2 czenas
|
| 651 |
|
7 |
|a Maďarsko
|7 ge129985
|2 czenas
|
| 856 |
4 |
1 |
|u http://mapy.mzk.cz/mzk03/001/052/194/2619316489
|y Digitalizovaný dokument
|
| 903 |
|
|
|a RP
|
| 910 |
|
|
|a BOA001
|b Moll-0003.189
|
| 978 |
|
|
|b S.n.
|a s.l.
|c 1651-1700
|
| 985 |
|
|
|a 1651-1700
|
| 990 |
|
|
|a MP
|
| 991 |
|
|
|k mzk
|